Szczegóły MARC21

Nuovo contatto A2 : corso di lingua e civiltà italiana per stranieri /

003 -Nazwa inst., której nr kontr. jest w polu 001 [,]
    • @
    • Nazwa instytucji, której n kontrolny jest w polu 001
    • NUKAT
005 -DATA I CZAS OSTATNIEJ MODYFIKACJI [,]
    • @
    • pole kontrolne
    • 20241231105255.0
020 -Międzynarod. znormalizowany nr książki - ISBN [ , ]
    • a
    • Numer ISBN
    • 9788858308622 Find
040 -Instytucja sporządzająca opis [ , ]
    • a
    • Instytucja, która sporządziła opis (NP)
    • KR 119/eb
    • b
    • Język katalogowania
    • pol
    • e
    • Zasady katalogowania
    • rda
    • c
    • Instytucja, która sporządziła rekord (NP)
    • KR 119/eb
942 -Rodzaj dokumentu [ , ]
    • c
    • Rodzaj dokumentu
    • Książka
100 -Hasło główne - nazwa osobowa [1, ]
    • a
    • Nazwa osobowa (NP)
    • Piantoni, Monica.
    • e
    • Rodzaj współpracy
    • Autor
    • 9
    • KHW
    • 693628
245 -Strefa tytułu i oznaczenia odpowiedzialności [1,0]
    • a
    • Tytuł
    • Nuovo contatto A2 : Find
    • b
    • Ciąg dalszy tytułu (NP)
    • corso di lingua e civiltà italiana per stranieri / Find
    • c
    • Pozostałe elementy strefy tytułu i oznaczenia odpowiedzialności (NP)
    • Monica Piantoni, Rosella Bozzone Costa, Chiara Ghezzi.
250 -Strefa wydania [ , ]
    • a
    • Oznaczenie wydania (NP)
    • 10 ristampa.
260 -Strefa adresu wydawniczego [ , ]
    • a
    • Miejsce wydania (P)
    • Torino :
    • b
    • Nazwa wydawcy (P)
    • Loescher Editore,
    • c
    • Data wydania (P)
    • 2023.
300 -Strefa opisu fizycznego [ , ]
    • a
    • Określenie formy książki i/lub objętość (NP)
    • 144, 77, [1] strona :
    • b
    • Oznaczenie ilustracji (NP)
    • ilustracje kolorowe ;
    • c
    • Format (NP)
    • 29 cm.
336 -Typ zawartości [ , ]
    • a
    • Termin opisujący typ zawartości
    • Tekst
    • b
    • Kod określający zawartość
    • txt
    • 2
    • Źródło (terminu i kodu)
    • rdacontent
337 -Typ mediów [ , ]
    • a
    • Tryb odtwarzania
    • Bez urządzenia pośredniczącego
    • b
    • Kod typu mediów
    • n
    • 2
    • Źródło (terminu i kodu)
    • rdamedia
338 -Typ/rodzaj nośnika [ , ]
    • a
    • Hasło opisujące typ nośnika
    • Wolumin
    • b
    • Kod typu nośnika
    • nc
    • 2
    • Źródło (terminu i kodu)
    • rdacarrier
500 -Uwaga ogólna [ , ]
    • a
    • Uwaga ogólna (NP)
    • Książka zawiera część o charakterze podręcznika oraz część do ćwiczeń.
500 -Uwaga ogólna [ , ]
    • a
    • Uwaga ogólna (NP)
    • Na okładce: Il multi libro.
500 -Uwaga ogólna [ , ]
    • a
    • Uwaga ogólna (NP)
    • Na grzbiecie: 30862.
650 -Hasło przedmiotowe [ ,7]
    • a
    • Hasło przedmiotowe
    • Język włoski
    • v
    • Określnik formalny
    • podręczniki dla obcojęzycznych.
    • 2
    • Źródło terminu
    • kaba
    • 9
    • KHW
    • 597336
650 -Hasło przedmiotowe [ ,7]
    • a
    • Hasło przedmiotowe
    • Język włoski
    • v
    • Określnik formalny
    • zadania i ćwiczenia.
    • 2
    • Źródło terminu
    • kaba
    • 9
    • KHW
    • 418074
700 -Hasło dodatkowe - nazwa osobowa [1, ]
    • a
    • Nazwa osobowa (NP)
    • Bozzone Costa, Rosella. Find
    • e
    • Określenie rodzaju współpracy
    • Autor
    • 9
    • KHW
    • 693627
700 -Hasło dodatkowe - nazwa osobowa [1, ]
    • a
    • Nazwa osobowa (NP)
    • Ghezzi, Chiara. Find
    • e
    • Określenie rodzaju współpracy
    • Autor
    • 9
    • KHW
    • 700803
710 -Hasło dodatkowe - nazwa ciała zbiorowego [2, ]
    • a
    • Nazwa ciała zbiorowego lub nazwa geograficzna jako pierwszy element (NP)
    • Loescher Editore.
    • e
    • Rodzaj współpracy
    • Wydawca
    • 4
    • Kod relacji
    • pbl
    • 9
    • KHW
    • 693629
920 -ISBN [ , ]
    • a
    • ISBN
    • 978-88-58-30862-2 Find
Numer inwentarzowy Data inwentaryzacji Sygnatura Lokalizacja Status udost.
P.318862024-03-27WŁ. Nauka języka 31BM1